000 00348nam a2200121Ia 4500
008 231129s1984||||xx |||||||||||||| ||spa||
082 _aHAJ- 0371
100 _aValencia R. Luis Enrique
245 0 _aHistoria de Santa Rosa de Cabal Volumen II
260 _c1984
264 _aManizales: Imprenta Departamental de Caldas 1984
942 _2ddc
_cBKS
999 _c15230
_d15230